[Event "AUT-ch U18"]
[Site "St Veit"]
[Date "2023.04.02"]
[Round "2"]
[White "Weixler, Moritz"]
[Black "Miazhynski, Michael"]
[Result "0-1"]
[WhiteElo "1497"]
[BlackElo "2160"]
[PlyCount "64"]
[EventDate "2023.04.02"]
[EventType "swiss"]
[EventRounds "7"]
[EventCountry "AUT"]
[SourceTitle "EXT 2024"]
[Source "ChessBase"]
[SourceDate "2023.10.10"]
[SourceVersion "1"]
[SourceVersionDate "2023.10.10"]
[SourceQuality "1"]

1. e4 c5 2. a3 e6 3. Nc3 a6 4. Nf3 b5 5. d3 Bb7 6. Be2 d6 7. 0-0 Be7 8. Nd2 Nf6 9. f4 Nc6 10. Nf3 Qc7 11. Qe1 Nd4 12. Bd1 d5 13. e5 Nxf3+ 14. Bxf3 Nd7 15. Bd2 0-0-0 16. Ne2 Rdg8 17. c3 g5 18. fxg5 Nxe5 19. d4 Nxf3+ 20. Rxf3 Bxg5 21. Bxg5 Rxg5 22. Qh4 Rhg8 23. Ng3 f5 24. Raf1 Kb8 25. R3f2 R8g6 26. Ne2 Rg4 27. Qh3 Re4 28. Ng3 Reg4 29. Ne2 e5 30. dxe5 d4 31. Ng3 Qxe5 32. Qxh7 f4 0-1

[Event "AUT-ch U16"]
[Site "St Veit"]
[Date "2022.04.12"]
[Round "5"]
[White "Miazhynski, Michael"]
[Black "Weixler, Moritz"]
[Result "1-0"]
[WhiteElo "2072"]
[BlackElo "1242"]
[PlyCount "41"]
[EventDate "2022.04.10"]
[EventType "swiss"]
[EventRounds "7"]
[EventCountry "AUT"]
[SourceTitle "EXT 2023"]
[Source "ChessBase"]
[SourceDate "2022.10.05"]
[SourceVersion "1"]
[SourceVersionDate "2022.10.05"]
[SourceQuality "1"]

1. c4 f5 2. Nc3 Nf6 3. g3 g6 4. Bg2 Bg7 5. Nf3 0-0 6. 0-0 d6 7. Rb1 e5 8. d3 c6 9. b4 Re8 10. Qb3 Be6 11. Ng5 Bc8 12. c5+ d5 13. e4 Kf8 14. exd5 cxd5 15. Nxd5 Qd7 16. b5 Nxd5 17. Bxd5 h6 18. c6 bxc6 19. Ba3+ Re7 20. Bxc6 Nxc6 21. Qf7# 1-0

[Event "AUT-chT District U18 Online Rapid"]
[Site "Playchess.com INT"]
[Date "2020.12.12"]
[Round "9"]
[White "Weixler, Moritz"]
[Black "Seikmann, Jim"]
[Result "0-1"]
[WhiteElo "1593"]
[BlackElo "1707"]
[PlyCount "68"]
[EventDate "2020.12.12"]
[EventType "team-swiss (rapid)"]
[EventRounds "9"]
[EventCountry "AUT"]
[SourceTitle "EXT 2022"]
[Source "ChessBase"]
[SourceDate "2021.10.06"]
[SourceVersion "1"]
[SourceVersionDate "2021.10.06"]
[SourceQuality "1"]

1. d4 f5 2. c4 e6 3. Nf3 Nf6 4. Bf4 Be7 5. e3 0-0 6. Bd3 d5 7. 0-0 Ne4 8. Bxe4 fxe4 9. Ne5 Nc6 10. Nxc6 bxc6 11. c5 Bg5 12. Bg3 Rb8 13. Qd2 Ba6 14. Re1 Bh4 15. Nc3 Bxg3 16. hxg3 Qf6 17. b3 Rf7 18. Ne2 Qxf2+ 19. Kh2 Rf6 20. Nf4 Qxd2 21. Kg1 Rbf8 22. Nh3 Rf2 23. Nxf2 Rxf2 24. Kh2 Rxg2+ 25. Kh3 Rh2+ 26. Kg4 Be2+ 27. Kf4 Rf2+ 28. Ke5 Qxe3 29. Kxe6 Bg4+ 30. Ke7 Rf7+ 31. Ke8 Bd7+ 32. Kd8 Qg5+ 33. Kxc7 Be8+ 34. Kb8 Qd8# 0-1

[Event "AUT-ch U14 Online Blitz"]
[Site "Playchess.com INT"]
[Date "2020.12.11"]
[Round "3"]
[White "Weixler, Moritz"]
[Black "Wendl, Philipp"]
[Result "0-1"]
[WhiteElo "1740"]
[BlackElo "1620"]
[PlyCount "90"]
[EventDate "2020.12.11"]
[EventType "swiss (blitz)"]
[EventRounds "7"]
[EventCountry "AUT"]
[SourceTitle "EXT 2022"]
[Source "ChessBase"]
[SourceDate "2021.10.06"]
[SourceVersion "1"]
[SourceVersionDate "2021.10.06"]
[SourceQuality "1"]

1. e4 e5 2. Nf3 Nc6 3. Bc4 Bc5 4. 0-0 Nf6 5. Nc3 d6 6. h3 a6 7. d3 Ba7 8. Bg5 h6 9. Bh4 g5 10. Nxg5 hxg5 11. Bxg5 Rg8 12. Bh4 Rg6 13. Nd5 Be6 14. Nxf6+ Rxf6 15. Bxf6 Qxf6 16. Bxe6 Qxe6 17. Qh5 0-0-0 18. c3 Ne7 19. Kh2 Ng6 20. Qe2 Nf4 21. Qf3 Rh8 22. Kg1 Qg6 23. Kh2 c6 24. Qg3 Qh7 25. Rad1 Rg8 26. Qf3 Rxg2+ 27. Qxg2 Nxg2 28. Kxg2 Bb6 29. Kh2 Bd8 30. Rg1 Bh4 31. f3 Qh6 32. Rg4 Bg5 33. Kg2 f6 34. Rh1 Kd7 35. h4 Bf4 36. h5 Bg5 37. Rd1 Ke6 38. Rh1 f5 39. exf5+ Kxf5 40. Kf2 Bf6 41. Rg6 Qd2+ 42. Kg3 Bg5 43. Rg7 Bf4+ 44. Kh3 Qf2 45. Rhg1 Qh2# 0-1